01204nam a2200253 a 450000100100000000500170001000800410002704000250006808200150009310000330010824501140014126000340025530000280028949000690031749000270038650400410041383000760045483000340053004900090056495201280057395201190070195201130082099900170093300001652520200929164926.0100308s1988 dr a 000 0 spa d aDO-SdBNPbspacBNPHU axxxbG633m1 aGómez, J. Desiderio93676310aMoluscos de agua dulce de la República Dominicana /cJ. Desiderio Gómez, Mercedes Vargas, Emile A. Malek. aSanto Domingo :bUASD,c1988. a135 p. :bil. ;c28 cm.1 aPublicaciones de la Universidad autónoma de Santo Domingov5351 aAmbiente y sociedadv2 aIncluye bibliografías [p. 133-135] 0aPublicaciones de la Universidad autónoma de Santo Domingon535936764 0aAmbiente y sociedadn2936765 aBNPD 001054708DSaGRbGRcCTd2010-03-08iLF1l0oxxx G633mp16525-30r2020-06-25te. 3w2020-06-25yLFDSZPréstamo en sala 0010718PDaPDbPDcCTd2010-03-08iLF1l0oxxx G633mp16525-10r2020-06-25te. 2w2020-06-25yLFPDZNo se presta 0010718PDaPDbPDcCTd2010-03-08iLF1l0oxxx G633mp16525-20r2020-06-25w2020-06-25yLFPDZNo se presta c16059d16059